000 00529nam a22001577a 4500
005 20120216131059.0
020 _a8176357294
_c270.00
035 _aB-120913
037 _aDPL
_bENG
100 _aBoardman, Ted
_942283
245 _a3ds max 6 fundamentals /
_cby Ted Boardman
260 _aNew Delhi
_bTechmedia
_c2004
300 _axiv, 502p.
_c24 cms.
942 _2ddc
_cEN
_h006.6
_mBOA
999 _c62996
_d62996